书目信息 |
| 书名: | Writing Essentials | |
| 作者: | Rodrigues,Dawn. | |
| 分册号: | ||
| 分册名: | 出版地: | New York : |
|
| 出版社: | W.W.Norton Com | |
| 出版时间: | 1996. | |
| 页数: | 192 p. ; | |
| 开本: | 20cm. | |
| 丛书名: | ||
| 中图分类号: | ||
| 科图分类号: | ||
| 其他分类号: | H315 | |
| 主题词: | ||
| 电子资源: | ||
| 000 | 00413nam 2200145 a 4500 | |
| 001 | E0436067429 | |
| 005 | 2004122110010677 | |
| 008 | 041221s1996 00010 eng | |
| 020 | @a0-393-96933-9 :@cCNY 12.00. | |
| 040 | @aPFT@beng | |
| 090 | @aH315 | |
| 099 | @dH315@eR696 | |
| 245 | @aWriting Essentials :@bA norton pocket guide / @cRodrigues,Dawn. | |
| 260 | @aNew York :@bW.W.Norton Com.,@c1996. | |
| 300 | @a192 p. ;@c20cm. | |
| Writing Essentials : : A norton pocket guide / / Rodrigues,Dawn.-New York : : W.W.Norton Com., , 1996. |
| 192 p. ; ; 20cm. |
| ISBN 0-393-96933-9 :CNY 12.00. |
| ● |
| 相关链接 |
|
|
|
正题名:Writing Essentials
索取号:H315/R696
 
预约/预借
| 序号 | 登录号 | 条形码 | 馆藏地/架位号 | 状态 | 备注 |
| 1 | 04854 | 300048543 | 语言库209/400A自科库 15排1列4层/ [索取号:H315/R696] | 在馆 |